000 00414nam a2200157Ia 4500
008 240729s9999 xx 000 0 und d
022 _a1545-7885
245 0 _aPLoS Biology
260 _aUnited States
260 _bPublic Library of Science (PLoS)
650 _a Biology (General)
650 _aScience
856 _uhttps://doaj.org/toc/f3f2e7f23d444370ae5f5199f85bc100
942 _2ddc
942 _cDOAJEJ
999 _c67484
_d67484
945 _a1
_bMadushi Gamage
_c1
_dMadushi Gamage